000 00680nam a2200289Ia 4500
005 20260324133104.0
008 008 260324s9999 xx 000 0 eng d
020 _a9780203499801
037 _aEBOOK
040 _aCRL
040 _beng
040 _cCRL
041 _2eng
041 _aeng
084 _qCRL
100 _aNicholas Blomley
_91174706
245 0 _aUnsettling the City
245 0 _bUrban Land and the Politics of Property
260 _bTaylor and Francis
260 _c2004
365 _a
365 _b280
856 _uhttp://www.taylorfrancis.com/books/9780203499801
942 _cEBOOK
999 _c1790481
_d1790481